000 00522nam a2200181Ia 4500
005 20250923144554.0
008 008 250917s9999 xx 000 0 eng d
037 _aTextual
040 _aDSWL
_beng
_cDSWL
041 _aeng
_2eng
084 _aS2, J1
_qDSWL
100 _aHorrocks, Jahne
_9826213
245 0 _aPsychology of adolescence
_cby Jahne Horrocks.
260 _aBoston
_bBoston Houghton Mifflin eomp.
_c1951
300 _a614p.
942 _cTEXL
_hS2, J1
999 _c1440649
_d1440649